| 000 | 00423nam a2200133 a 4500 | ||
|---|---|---|---|
| 001 | 000026817 | ||
| 005 | 20200930030429.0 | ||
| 008 | 110325s2012 dr 000 0 spa d | ||
| 040 |
_aDO-SdBNP _bspa _cBNPHU |
||
| 110 | 1 |
_aMinisterio de Trabajo _bRepública Dominicana _953933 |
|
| 245 | 1 | 0 | _aCódigo de ética de la inspección de trabajo. |
| 260 |
_aSanto Domingo : _bMinisterio de Trabajo, _c2012. |
||
| 300 |
_a30 p. ; _c22 cm. |
||
| 999 |
_c26309 _d26309 |
||